01249nam a22003014a 4500001001200000003000800012006001900020007001500039008004100054010001700095020002800112040002100140035002000161050002600181082001800207100001900225245015700244260011400401300002700515500002000542533015200562630001900714650002500733655002900758710001700787856012600804999001700930ebr10041229CaPaEBRm u cr cn|||||||||030108s2003 caua s 001 0 eng  z 2003000470 z1886411816 (alk. paper) aCaPaEBRcCaPaEBR a(OCoLC)7077054414aQA76.9.D3bK82 2003eb04a005.75/652211 aKubica, Chris.14aThe book of Filemaker 6h[electronic resource] :byour one-stop guide to FileMaker pro, pro unlimited, developer, server, and mobile /cby Chris Kubica. aSan Francisco :bNo Starch Press ;aBerkeley, CA :bDistributed in the U.S. by Publishers Group West,cc2003. axxxvii, 797 p. :bill. aIncludes index. aElectronic reproduction.bPalo Alto, Calif. :cebrary,d2013.nAvailable via World Wide Web.nAccess may be limited to ebrary affiliated libraries.00aFileMaker pro. 0aDatabase management. 7aElectronic books.2local2 aebrary, Inc.40uhttp://site.ebrary.com/lib/rucke/Doc?id=10041229zAn electronic book accessible through the World Wide Web; click to view c61062d61062